000 00654nam a2200205Ia 4500
005 20250508160317.0
008 008 250505s9999 xx 000 0 eng d
037 _aTextual
040 _aFEDL
_beng
_cFEDL
041 _aeng
_2eng
084 _a370.7058, NCE
_qFEDL
100 _aSingh L C
_9612642
245 0 _aDirectory of post-graduate teacher education institutions and course
245 0 _cDepartment of Teacher Education
260 _aNew Delhi, India
_bNational Council of Educational Research and Training
_c1972
300 _a857p.
650 _aEducation
942 _cTEXL
_h370.7058, NCE
999 _c1363560
_d1363560